00262nam a22000977a 4500008004100000082002100041100002000062245004000082260003300122300000900155230623b xxu||||| |||| 00| 0 eng d a330.03bBAX 1984 cGraham Bannock aThe Penguin Dictionary of Economics aLondonbPenguin Books c1987 a427p